[Event "GBR-ch 108th"]
[Site "Torquay"]
[Date "2022.08.16"]
[Round "4.10"]
[White "Toma, Katarzyna"]
[Black "Willow, Jonah B"]
[Result "0-1"]
[WhiteElo "2303"]
[BlackElo "2393"]
[PlyCount "94"]
[EventDate "2022.08.13"]
[EventType "swiss"]
[EventRounds "9"]
[EventCountry "GBR"]
[SourceTitle "BritBase"]
[Source "John Saunders"]
[SourceDate "2022.08.22"]
[SourceVersion "1"]
[SourceVersionDate "2022.08.22"]
[SourceQuality "2"]

1. e4 c5 2. Nf3 e6 3. d3 Nc6 4. g3 g6 5. Bg2 Bg7 6. O-O Nge7 7. c3 e5 8. a3 d6
9. b4 O-O 10. b5 Na5 11. Nbd2 d5 12. Bb2 dxe4 13. dxe4 c4 14. Qe2 Qc7 15. a4
Rd8 16. Rfd1 h6 17. Ba3 Be6 18. Bb4 Rac8 19. Bf1 g5 20. Ne1 Ng6 21. Nc2 Bf8 22.
Ne3 Bxb4 23. cxb4 Nb3 24. Nxb3 cxb3 25. Rxd8+ Rxd8 26. Rb1 Qc3 27. Nd5 Bxd5 28.
exd5 Rxd5 29. Qc4 Qxc4 30. Bxc4 Rd4 31. Bxb3 e4 32. Bd1 Ne7 33. Be2 Nd5 34. Rc1
Rxb4 35. a5 Kg7 36. Rc5 Rd4 37. Bc4 Rd1+ 38. Kg2 e3 39. Be2 Rd2 40. Kf1 b6 41.
axb6 axb6 42. Rc6 Rb2 43. h3 h5 44. Rc1 h4 45. gxh4 Nf4 46. hxg5 Nxe2 47. Re1
Nf4 0-1

[Event "GBR-ch 108th"]
[Site "Torquay"]
[Date "2022.08.16"]
[Round "4.11"]
[White "Jackson, James P"]
[Black "Turner, Max N"]
[Result "1-0"]
[WhiteElo "2406"]
[BlackElo "2247"]
[PlyCount "115"]
[EventDate "2022.08.13"]
[EventType "swiss"]
[EventRounds "9"]
[EventCountry "GBR"]
[SourceTitle "BritBase"]
[Source "John Saunders"]
[SourceDate "2022.08.22"]
[SourceVersion "1"]
[SourceVersionDate "2022.08.22"]
[SourceQuality "2"]

1. e4 e5 2. Nf3 Nc6 3. Bb5 a6 4. Ba4 Nf6 5. O-O Be7 6. Re1 b5 7. Bb3 d6 8. c3
O-O 9. h3 Na5 10. Bc2 c5 11. d4 Qc7 12. Nbd2 Be6 13. d5 Bd7 14. b3 Rfe8 15. Nf1
c4 16. Ng3 cxb3 17. axb3 Nb7 18. Bb2 a5 19. b4 Bf8 20. Bd3 Rec8 21. Nd2 g6 22.
Qe2 Qb6 23. Ra2 h5 24. Rea1 h4 25. Ngf1 Nh5 26. Nb3 Nf4 27. Qf3 a4 28. Nbd2 f6
29. Nh2 Nd8 30. Bf1 Nf7 31. Qd1 Be7 32. Ra3 f5 33. exf5 gxf5 34. c4 bxc4 35.
Nxc4 Qxb4 36. Bc3 Qc5 37. Bd2 Nxd5 38. Rc1 Qa7 39. Rd3 Nf6 40. Be3 Qa6 41. Nb6
Rxc1 42. Qxc1 Rd8 43. Rxd6 Qb7 44. Rd1 Bc6 45. Rxd8+ Bxd8 46. Nc4 Ne4 47. Nf3
f4 48. Bd2 Nxd2 49. Nfxd2 Qd7 50. Qc2 Qe6 51. Bd3 Be7 52. Be4 a3 53. Bxc6 Qxc6
54. Nxa3 Qe6 55. Nac4 Bc5 56. Ne4 Bd4 57. Ncd2 Nd6 58. Qc6 1-0

[Event "GBR-ch 108th"]
[Site "Torquay"]
[Date "2022.08.16"]
[Round "4.12"]
[White "Hebden, Mark L"]
[Black "Brewer, Callum D"]
[Result "1-0"]
[WhiteElo "2476"]
[BlackElo "2159"]
[PlyCount "135"]
[EventDate "2022.08.13"]
[EventType "swiss"]
[EventRounds "9"]
[EventCountry "GBR"]
[SourceTitle "BritBase"]
[Source "John Saunders"]
[SourceDate "2022.08.22"]
[SourceVersion "1"]
[SourceVersionDate "2022.08.22"]
[SourceQuality "2"]

1. d4 Nf6 2. Nf3 d5 3. c4 e6 4. Nc3 Bb4 5. Qa4+ Nc6 6. e3 O-O 7. Qc2 Re8 8. Bd2
e5 9. dxe5 Nxe5 10. cxd5 Nxf3+ 11. gxf3 Bxc3 12. Bxc3 Qxd5 13. Rg1 Bf5 14. Qd1
Qe6 15. Qd4 Bg6 16. Rg5 Red8 17. Qc4 Qd6 18. h4 c6 19. Qb4 Qxb4 20. Bxb4 Nd5
21. Bd2 f6 22. Rg3 Rd7 23. e4 Nb6 24. b3 Rad8 25. Be3 Re7 26. Bh3 Kh8 27. Rc1
Bf7 28. Ke2 Be6 29. h5 Bxh3 30. Rxh3 h6 31. a4 Nc8 32. Rhh1 Red7 33. f4 Kg8 34.
f5 Kf7 35. Rc3 Re8 36. f3 Red8 37. Rb1 Re8 38. b4 Red8 39. Rbc1 Ne7 40. b5 cxb5
41. axb5 b6 42. Rc7 Ke8 43. R7c4 Kf8 44. R1c3 Rd1 45. Bc1 Ke8 46. Ba3 R8d7 47.
Rc7 R1d4 48. Rxd7 Rxd7 49. Ke3 Kf7 50. f4 Ke8 51. Kf3 Kf7 52. Bb4 Ke8 53. Rc4
Kd8 54. Kg4 Ng8 55. e5 fxe5 56. fxe5 Rd5 57. Bd6 Ne7 58. Bxe7+ Kxe7 59. Kf4
Rxb5 60. Rc7+ Kf8 61. Rxa7 Rb4+ 62. Ke3 Kg8 63. e6 Kf8 64. Rf7+ Kg8 65. f6 Rg4
66. Rb7 gxf6 67. Rb8+ Kg7 68. e7 1-0

[Event "GBR-ch 108th"]
[Site "Torquay"]
[Date "2022.08.16"]
[Round "4.13"]
[White "Dishman, Stephen"]
[Black "Milchev, Nikolay"]
[Result "1-0"]
[WhiteElo "2248"]
[BlackElo "2408"]
[PlyCount "55"]
[EventDate "2022.08.13"]
[EventType "swiss"]
[EventRounds "9"]
[EventCountry "GBR"]
[SourceTitle "BritBase"]
[Source "John Saunders"]
[SourceDate "2022.08.22"]
[SourceVersion "1"]
[SourceVersionDate "2022.08.22"]
[SourceQuality "2"]

1. Nf3 g6 2. e4 c5 3. c3 Nf6 4. e5 Nd5 5. d4 cxd4 6. cxd4 Bg7 7. Bc4 Nb6 8. Bb3
O-O 9. O-O d6 10. h3 Nc6 11. Bf4 dxe5 12. dxe5 Na5 13. Bc2 Nd5 14. Bg3 Bf5 15.
Nbd2 Rc8 16. Bxf5 gxf5 17. Qa4 Qb6 18. a3 Bh6 19. Rad1 Rfd8 20. Rfe1 Qa6 21. e6
f6 22. Qh4 Bxd2 23. Rxd2 Nb3 24. Ng5 fxg5 25. Qxg5+ Kf8 26. Qh6+ Kg8 27. Be5
Nf6 28. Qg5+ 1-0

[Event "GBR-ch 108th"]
[Site "Torquay"]
[Date "2022.08.16"]
[Round "4.14"]
[White "Storey, Charles H"]
[Black "Eggleston, David J"]
[Result "0-1"]
[WhiteElo "2167"]
[BlackElo "2331"]
[PlyCount "134"]
[EventDate "2022.08.13"]
[EventType "swiss"]
[EventRounds "9"]
[EventCountry "GBR"]
[SourceTitle "BritBase"]
[Source "John Saunders"]
[SourceDate "2022.08.22"]
[SourceVersion "1"]
[SourceVersionDate "2022.08.22"]
[SourceQuality "2"]

1. Nf3 Nf6 2. g3 d5 3. Bg2 e6 4. d3 Be7 5. O-O O-O 6. Nbd2 Nc6 7. d4 Ne4 8. e3
Nxd2 9. Bxd2 b5 10. Qe2 b4 11. Rfc1 a5 12. Qe1 Ba6 13. c3 Qd7 14. Bf1 Rfb8 15.
c4 Bxc4 16. Bxc4 dxc4 17. Rxc4 Bd6 18. Rac1 Rb6 19. e4 e5 20. d5 Ne7 21. Be3
Rb7 22. Nd2 f5 23. f3 h5 24. Nb3 h4 25. gxh4 fxe4 26. fxe4 Ng6 27. Qg3 Nf4 28.
Bxf4 exf4 29. Qf3 Qe7 30. Nd4 Qxh4 31. Kh1 Rf8 32. Rg1 Rbb8 33. Nf5 Rxf5 34.
exf5 Rf8 35. Qe4 Qh3 36. Rc2 Qxf5 37. Qxf5 Rxf5 38. Rcg2 Rf7 39. Rf1 Rf5 40.
Rd2 a4 41. Kg2 a3 42. bxa3 bxa3 43. Kf3 Re5 44. Kg4 Re4 45. Kf5 Re5+ 46. Kg4
Re4 47. Rf3 Re1 48. Rfd3 Kf7 49. Rf2 Rg1+ 50. Kf5 g6+ 51. Ke4 Re1+ 52. Kf3 Kf6
53. Re2 Rc1 54. Ke4 g5 55. h3 Rb1 56. Rg2 Re1+ 57. Kd4 Kf5 58. Rf2 Rc1 59. Rdd2
Bc5+ 60. Kd3 Bxf2 61. Rxf2 Rh1 62. Rc2 Rxh3+ 63. Kd4 Rh7 64. Rc5 Kg4 65. Ke5 f3
66. Kf6 f2 67. Rc1 Kg3 0-1

[Event "GBR-ch 108th"]
[Site "Torquay"]
[Date "2022.08.16"]
[Round "4.15"]
[White "Payne, Matthew J"]
[Black "Rudd, Jack"]
[Result "0-1"]
[WhiteElo "2155"]
[BlackElo "2318"]
[PlyCount "72"]
[EventDate "2022.08.13"]
[EventType "swiss"]
[EventRounds "9"]
[EventCountry "GBR"]
[SourceTitle "BritBase"]
[Source "John Saunders"]
[SourceDate "2022.08.22"]
[SourceVersion "1"]
[SourceVersionDate "2022.08.22"]
[SourceQuality "2"]

1. e4 c6 2. d4 d5 3. e5 c5 4. dxc5 e6 5. a3 Bxc5 6. b4 Bb6 7. Nf3 Nc6 8. Bb2
Nge7 9. Bd3 Ng6 10. O-O Bd7 11. Re1 a6 12. Nbd2 O-O 13. c4 Nce7 14. c5 Bc7 15.
g3 b6 16. h4 bxc5 17. h5 c4 18. Bb1 Nh8 19. Ng5 g6 20. Qg4 Nf5 21. Nde4 dxe4
22. Nxe4 Kg7 23. Nf6 Nh6 24. Qf4 Ng8 25. Rd1 Bc6 26. Rxd8 Raxd8 27. Be4 Bxe4
28. Nxe4 gxh5 29. Qg5+ Ng6 30. Nf6 Nxf6 31. exf6+ Kh8 32. Qh6 Rg8 33. Kf1 Rd5
34. Rc1 Be5 35. Bxe5 Nxe5 36. f4 Ng4 0-1

[Event "GBR-ch 108th"]
[Site "Torquay"]
[Date "2022.08.16"]
[Round "4.16"]
[White "Finn, Peter"]
[Black "Merriman, John"]
[Result "0-1"]
[WhiteElo "2033"]
[BlackElo "2297"]
[PlyCount "46"]
[EventDate "2022.08.13"]
[EventType "swiss"]
[EventRounds "9"]
[EventCountry "GBR"]
[SourceTitle "BritBase"]
[Source "John Saunders"]
[SourceDate "2022.08.22"]
[SourceVersion "1"]
[SourceVersionDate "2022.08.22"]
[SourceQuality "2"]

1. e4 e6 2. d4 d5 3. Nc3 Nf6 4. e5 Nfd7 5. f4 c5 6. Nf3 Nc6 7. Be3 cxd4 8. Nxd4
Bc5 9. Qd2 O-O 10. O-O-O a6 11. h4 Bxd4 12. Bxd4 b5 13. h5 Bb7 14. Re1 Rc8 15.
g4 Qa5 16. f5 Nxd4 17. Qxd4 b4 18. Bd3 bxc3 19. f6 gxf6 20. exf6 cxb2+ 21. Kb1
Qc3 22. Qa7 Nc5 23. Re3 Nxd3 0-1

[Event "GBR-ch 108th"]
[Site "Torquay"]
[Date "2022.08.16"]
[Round "4.17"]
[White "Richardson, John R"]
[Black "Taylor, Adam A"]
[Result "0-1"]
[WhiteElo "2296"]
[BlackElo "2204"]
[PlyCount "102"]
[EventDate "2022.08.13"]
[EventType "swiss"]
[EventRounds "9"]
[EventCountry "GBR"]
[SourceTitle "BritBase"]
[Source "John Saunders"]
[SourceDate "2022.08.22"]
[SourceVersion "1"]
[SourceVersionDate "2022.08.22"]
[SourceQuality "2"]

1. d4 Nf6 2. c4 e6 3. Nf3 Bb4+ 4. Nbd2 O-O 5. a3 Bxd2+ 6. Bxd2 b6 7. g3 Bb7 8.
Bg2 d6 9. b4 Nbd7 10. O-O Ne4 11. Be3 h6 12. Qc2 f5 13. Rfd1 Ndf6 14. Nd2 Qe8
15. f3 Nxd2 16. Bxd2 Qh5 17. c5 Rf7 18. c6 Ba6 19. Be1 Re8 20. Bf2 e5 21. dxe5
Rxe5 22. e3 Rfe7 23. a4 g5 24. b5 Bc8 25. a5 g4 26. axb6 axb6 27. f4 R5e6 28.
Ra8 Re8 29. Rda1 R6e7 30. Qc4+ Qf7 31. Qd4 Kh7 32. Bf1 Ne4 33. Rb8 Be6 34. Raa8
Rxb8 35. Rxb8 Re8 36. Rxe8 Qxe8 37. Bd3 Qh8 38. Be1 Qxd4 39. exd4 Kg6 40. Kf1
Bb3 41. Ke2 Kf6 42. Ke3 Ke6 43. Bxe4 fxe4 44. Kxe4 Bc2+ 45. Ke3 Ba4 46. f5+
Kxf5 47. d5 Ke5 48. Bc3+ Kxd5 49. Kf4 h5 50. Kg5 Bxb5 51. Kxh5 Be2 0-1

[Event "GBR-ch 108th"]
[Site "Torquay"]
[Date "2022.08.16"]
[Round "4.18"]
[White "Kolbus, Dietmar"]
[Black "Ashworth, Michael"]
[Result "1-0"]
[WhiteElo "2272"]
[BlackElo "2039"]
[PlyCount "111"]
[EventDate "2022.08.13"]
[EventType "swiss"]
[EventRounds "9"]
[EventCountry "GBR"]
[SourceTitle "BritBase"]
[Source "John Saunders"]
[SourceDate "2022.08.22"]
[SourceVersion "1"]
[SourceVersionDate "2022.08.22"]
[SourceQuality "2"]

1. c4 g6 2. d4 Bg7 3. e4 d6 4. Nc3 e5 5. d5 Nd7 6. Bd3 Ne7 7. Be3 O-O 8. Qd2 f5
9. f3 Nf6 10. h3 c5 11. g4 f4 12. Bf2 h6 13. Rb1 b6 14. Bc2 Ba6 15. Qd3 Ne8 16.
Ba4 Nc7 17. Nge2 Rb8 18. Nb5 Nc8 19. Nec3 Bb7 20. Nxc7 Qxc7 21. b4 a6 22. Kd2
Ne7 23. bxc5 bxc5 24. Rb3 Ba8 25. Rhb1 Rxb3 26. Rxb3 Rb8 27. Bd7 Rxb3 28. Be6+
Kh7 29. axb3 Bb7 30. Qb1 Qa5 31. Kc2 Bc8 32. Bxc8 Nxc8 33. Be1 Bf6 34. Na4 Qc7
35. Qa1 Bd8 36. Nb2 Qb7 37. Qa4 Na7 38. Nd3 Qc8 39. Qe8 Kg7 40. Bf2 Bf6 41.
Qxc8 Nxc8 42. b4 cxb4 43. Nxb4 Bd8 44. Nxa6 Bb6 45. Bh4 h5 46. Kb3 hxg4 47.
hxg4 Kh6 48. Bf6 g5 49. c5 dxc5 50. Bxe5 Ne7 51. Bf6 Ng6 52. Kc4 Nh4 53. Kb5
Nxf3 54. Kxb6 Ne1 55. Nxc5 f3 56. Bd4 1-0

[Event "GBR-ch 108th"]
[Site "Torquay"]
[Date "2022.08.16"]
[Round "4.19"]
[White "Zapolskis, Antanas"]
[Black "Donaldson, Thomas"]
[Result "1-0"]
[WhiteElo "2266"]
[BlackElo "1982"]
[PlyCount "45"]
[EventDate "2022.08.13"]
[EventType "swiss"]
[EventRounds "9"]
[EventCountry "GBR"]
[SourceTitle "BritBase"]
[Source "John Saunders"]
[SourceDate "2022.08.22"]
[SourceVersion "1"]
[SourceVersionDate "2022.08.22"]
[SourceQuality "2"]

1. e4 c5 2. Nf3 d6 3. d4 cxd4 4. Nxd4 Nf6 5. Nc3 a6 6. Bc4 e6 7. Bb3 Nbd7 8.
Bg5 Nc5 9. Qf3 Be7 10. O-O-O Qc7 11. Kb1 O-O 12. Rhe1 b5 13. Nf5 exf5 14. Bxf6
Bxf6 15. Nd5 Qa7 16. Nxf6+ gxf6 17. Qg3+ Kh8 18. Qxd6 Nd7 19. Qe7 Kg7 20. exf5
Ne5 21. Rxe5 fxe5 22. Qg5+ Kh8 23. f6 1-0

[Event "GBR-ch 108th"]
[Site "Torquay"]
[Date "2022.08.16"]
[Round "4.20"]
[White "Stoyanov, Viktor"]
[Black "Pollack, Oscar"]
[Result "1-0"]
[WhiteElo "2246"]
[BlackElo "2020"]
[PlyCount "77"]
[EventDate "2022.08.13"]
[EventType "swiss"]
[EventRounds "9"]
[EventCountry "GBR"]
[SourceTitle "BritBase"]
[Source "John Saunders"]
[SourceDate "2022.08.22"]
[SourceVersion "1"]
[SourceVersionDate "2022.08.22"]
[SourceQuality "2"]

1. e4 e6 2. d4 d5 3. Nd2 Be7 4. Ngf3 Nf6 5. e5 Nfd7 6. Bd3 c5 7. c3 Nc6 8. O-O
g5 9. dxc5 g4 10. Nd4 Ndxe5 11. Bb5 Bd7 12. b4 h5 13. N2b3 Nc4 14. Re1 Nxd4 15.
Qxd4 e5 16. Bxd7+ Qxd7 17. Rxe5 Nxe5 18. Qxe5 Qe6 19. Bf4 Qxe5 20. Bxe5 Rh6 21.
Re1 O-O-O 22. Nd4 Ra6 23. Re2 Bf8 24. Bf4 Bh6 25. b5 Rg6 26. Bd6 Bf8 27. Bxf8
Rxf8 28. Re7 f5 29. Kf1 Rgf6 30. Ke2 R8f7 31. Re5 Rd7 32. a4 Kd8 33. Kd3 Re7
34. Rxd5+ Rd7 35. c4 Rff7 36. a5 Kc7 37. Ne6+ Kc8 38. c6 bxc6 39. bxc6 1-0

[Event "GBR-ch 108th"]
[Site "Torquay"]
[Date "2022.08.16"]
[Round "4.21"]
[White "Wells, Peter K"]
[Black "Onslow, Alfie"]
[Result "1-0"]
[WhiteElo "2396"]
[BlackElo "2111"]
[PlyCount "85"]
[EventDate "2022.08.13"]
[EventType "swiss"]
[EventRounds "9"]
[EventCountry "GBR"]
[SourceTitle "BritBase"]
[Source "John Saunders"]
[SourceDate "2022.08.22"]
[SourceVersion "1"]
[SourceVersionDate "2022.08.22"]
[SourceQuality "2"]

1. Nf3 d5 2. g3 Bg4 3. Bg2 Nd7 4. c4 e6 5. cxd5 exd5 6. Qb3 Nc5 7. Qc2 Nf6 8.
O-O Be7 9. b4 Ne6 10. Bb2 O-O 11. a3 c6 12. d3 a5 13. bxa5 Qxa5 14. a4 Rfd8 15.
Nbd2 c5 16. Rfb1 Qa6 17. h3 Bh5 18. a5 Rac8 19. Qa4 c4 20. Ba3 Bxa3 21. Qxa3
Bg6 22. Rb6 Qa7 23. Qb4 c3 24. Nb3 Rd7 25. Nfd4 Nxd4 26. Nxd4 c2 27. Rc1 h5 28.
Rxc2 Rxc2 29. Nxc2 Rc7 30. Nd4 Rc1+ 31. Kh2 h4 32. Rxb7 Qa6 33. Qb6 Bxd3 34.
exd3 Qxd3 35. Qb2 Qd1 36. Nf3 Rc2 37. Rb8+ Kh7 38. Qb1 Qe2 39. Ne1 Ne4 40.
Bxe4+ dxe4 41. Qxc2 hxg3+ 42. Kxg3 Qxe1 43. Rb1 1-0

[Event "GBR-ch 108th"]
[Site "Torquay"]
[Date "2022.08.16"]
[Round "4.22"]
[White "Modi, Shyam Jagdish"]
[Black "Bradbury, Neil H"]
[Result "1/2-1/2"]
[WhiteElo "2148"]
[BlackElo "2211"]
[PlyCount "97"]
[EventDate "2022.08.13"]
[EventType "swiss"]
[EventRounds "9"]
[EventCountry "GBR"]
[SourceTitle "BritBase"]
[Source "John Saunders"]
[SourceDate "2022.08.22"]
[SourceVersion "1"]
[SourceVersionDate "2022.08.22"]
[SourceQuality "2"]

1. d4 Nf6 2. c4 e6 3. g3 c5 4. d5 exd5 5. cxd5 d6 6. Nc3 g6 7. Bg2 Bg7 8. Nf3
O-O 9. O-O Re8 10. Bf4 Qd7 11. a4 Nh5 12. Bd2 Na6 13. Re1 Nb4 14. Bf1 Qd8 15.
Bg5 f6 16. Bc1 a6 17. Bg2 Bd7 18. h3 f5 19. e4 fxe4 20. Nxe4 Bf5 21. Nfg5 Nf6
22. Ne6 Bxe6 23. dxe6 Nxe4 24. Bxe4 d5 25. Bg2 Qf6 26. h4 h6 27. e7 Rxe7 28.
Bxd5+ Kh7 29. Be4 Rae8 30. f3 Qd4+ 31. Be3 Rxe4 32. fxe4 Qxb2 33. Rb1 Qc3 34.
Rc1 Qe5 35. Bf2 b6 36. Qb3 a5 37. Rcd1 Qc7 38. Qc4 Nc6 39. Kg2 Ne5 40. Qb5 Rf8
41. Bg1 Rf3 42. Re3 Rf7 43. Ree1 Rf3 44. Re3 Rf7 45. Ree1 Rf3 46. Re3 Rf6 47.
Ree1 h5 48. Rf1 Re6 49. Rfe1 1/2-1/2

[Event "GBR-ch 108th"]
[Site "Torquay"]
[Date "2022.08.16"]
[Round "4.23"]
[White "Jones, Steven A"]
[Black "Burrows, Martin P"]
[Result "1-0"]
[WhiteElo "2210"]
[BlackElo "2064"]
[PlyCount "105"]
[EventDate "2022.08.13"]
[EventType "swiss"]
[EventRounds "9"]
[EventCountry "GBR"]
[SourceTitle "BritBase"]
[Source "John Saunders"]
[SourceDate "2022.08.22"]
[SourceVersion "1"]
[SourceVersionDate "2022.08.22"]
[SourceQuality "2"]

1. e4 c5 2. Nf3 d6 3. d4 cxd4 4. Nxd4 Nf6 5. Nc3 a6 6. f3 e5 7. Nb3 Be6 8. Be3
Be7 9. Qd2 O-O 10. O-O-O a5 11. a4 Na6 12. g4 Nb4 13. Kb1 Rc8 14. g5 Nh5 15.
Rg1 g6 16. Bb5 Qc7 17. Qf2 Nf4 18. Bxf4 exf4 19. Nd4 d5 20. Qe2 Bc5 21. Nxe6
fxe6 22. exd5 exd5 23. Rg2 d4 24. Qe6+ Kg7 25. Ne4 Qe7 26. Qxe7+ Bxe7 27. Rxd4
Rfd8 28. Rgd2 Kf8 29. c3 Rxd4 30. Rxd4 Nc6 31. Bxc6 Rxc6 32. h4 h6 33. Rd5 hxg5
34. hxg5 b6 35. Kc2 Kf7 36. Kd3 Ke6 37. Rb5 Bd8 38. Kd4 Rc8 39. Nf2 Bc7 40. Nd3
Rh8 41. Ke4 Kf7 42. Ne5+ Kg7 43. Rd5 Bxe5 44. Rd7+ Kf8 45. Kxe5 Rh2 46. Kf6 Ke8
47. Re7+ Kd8 48. Re4 Rxb2 49. Rxf4 b5 50. axb5 Rxb5 51. Kxg6 Ke7 52. Rf7+ Ke6
53. f4 1-0

[Event "GBR-ch 108th"]
[Site "Torquay"]
[Date "2022.08.16"]
[Round "4.24"]
[White "Balaji, Aaravamudhan"]
[Black "Mulay, Partha"]
[Result "1-0"]
[WhiteElo "2194"]
[BlackElo "1822"]
[PlyCount "83"]
[EventDate "2022.08.13"]
[EventType "swiss"]
[EventRounds "9"]
[EventCountry "GBR"]
[SourceTitle "BritBase"]
[Source "John Saunders"]
[SourceDate "2022.08.22"]
[SourceVersion "1"]
[SourceVersionDate "2022.08.22"]
[SourceQuality "2"]

1. Nf3 Nf6 2. b3 g6 3. Bb2 Bg7 4. d4 c5 5. dxc5 Qa5+ 6. Nbd2 Qxc5 7. e3 Nc6 8.
a3 a5 9. Be2 d5 10. O-O O-O 11. Rc1 Rd8 12. c4 Qb6 13. cxd5 Nxd5 14. Bxg7 Kxg7
15. Qc2 f6 16. Qc5 Be6 17. Ne4 Qxc5 18. Nxc5 Bc8 19. Rfd1 b6 20. Na4 Bb7 21.
Rxd5 Rxd5 22. Nxb6 Rad8 23. Nxd5 Rxd5 24. h3 f5 25. b4 axb4 26. axb4 Nxb4 27.
Rc7 Ba6 28. Bxa6 Nxa6 29. Rxe7+ Kg8 30. Ng5 Nc5 31. Nxh7 Ne4 32. f3 Rd1+ 33.
Kh2 Nc3 34. Nf6+ Kf8 35. Rc7 Ne2 36. Nd7+ Kg8 37. h4 Kg7 38. Ne5+ Kh6 39. g4 g5
40. h5 f4 41. Nf7+ Kg7 42. Nxg5+ 1-0

[Event "GBR-ch 108th"]
[Site "Torquay"]
[Date "2022.08.16"]
[Round "4.25"]
[White "Rathbone-Jones, Ifan"]
[Black "Villiers, Thomas"]
[Result "0-1"]
[WhiteElo "2006"]
[BlackElo "2170"]
[PlyCount "82"]
[EventDate "2022.08.13"]
[EventType "swiss"]
[EventRounds "9"]
[EventCountry "GBR"]
[SourceTitle "BritBase"]
[Source "John Saunders"]
[SourceDate "2022.08.22"]
[SourceVersion "1"]
[SourceVersionDate "2022.08.22"]
[SourceQuality "2"]

1. d4 d5 2. Nf3 Nf6 3. Bf4 e6 4. e3 Bd6 5. Bd3 Bxf4 6. exf4 Qd6 7. Ne5 Qb4+ 8.
Qd2 Qxb2 9. O-O O-O 10. Nc3 Qb4 11. g4 Nbd7 12. Kh1 c5 13. Rab1 Qa5 14. g5 Nxe5
15. fxe5 Nd7 16. Rb5 Qc7 17. f4 cxd4 18. Ne2 Nc5 19. Rxc5 Qxc5 20. Qe1 g6 21.
Qh4 Rd8 22. Rf3 Qf8 23. Ng1 Bd7 24. Nh3 Qe7 25. Qh6 Qf8 26. Qh4 Qb4 27. Qh6 Bb5
28. Nf2 f5 29. gxf6 Rd7 30. Bxg6 Qe1+ 31. Kg2 Qf1+ 32. Kg3 Qg1+ 33. Kh4 hxg6
34. Rg3 Qxh2+ 35. Nh3 Rh7 36. Rxg6+ Kh8 37. f5 Bf1 38. f7 Qxh3+ 39. Kg5 Qe3+
40. Kf6 Rxh6 41. f8=N Rxf8+ 0-1

[Event "GBR-ch 108th"]
[Site "Torquay"]
[Date "2022.08.16"]
[Round "4.26"]
[White "Ethelontis, Alexandros N"]
[Black "Birtwistle, Nigel"]
[Result "0-1"]
[WhiteElo "2055"]
[BlackElo "2151"]
[PlyCount "140"]
[EventDate "2022.08.13"]
[EventType "swiss"]
[EventRounds "9"]
[EventCountry "GBR"]
[SourceTitle "BritBase"]
[Source "John Saunders"]
[SourceDate "2022.08.22"]
[SourceVersion "1"]
[SourceVersionDate "2022.08.22"]
[SourceQuality "2"]

1. c4 e5 2. g3 Nf6 3. Bg2 c6 4. Nf3 d6 5. Nc3 Nbd7 6. O-O Be7 7. d4 O-O 8. e4
Re8 9. d5 cxd5 10. cxd5 b5 11. Re1 a6 12. Bg5 h6 13. Bd2 Nb6 14. Bf1 Bd7 15.
Qb3 Bg4 16. Bg2 Nfd7 17. h3 Nc5 18. Qc2 Bd7 19. b3 Qc8 20. Kh2 Qb7 21. Rac1
Rec8 22. Qb1 b4 23. Nd1 a5 24. Be3 Na6 25. Nb2 Nc7 26. Nd2 Nb5 27. Nbc4 Nxc4
28. Nxc4 Ra6 29. Qb2 Bd8 30. Bf1 Raa8 31. Bg2 Bc7 32. Qd2 Kh7 33. f4 f6 34. Rf1
Rf8 35. Rf2 Rac8 36. Rcf1 Qb8 37. Qd3 Na3 38. Nxa3 bxa3 39. Qd1 Bb5 40. Re1 Bb6
41. Qg4 Bxe3 42. Rxe3 Qa7 43. Ref3 Bd7 44. Qh4 Qd4 45. fxe5 Qxe5 46. Qf4 Rfe8
47. Qd2 Ra8 48. Qc1 Qd4 49. Qxa3 Qb4 50. Qb2 Re5 51. Rc3 Be8 52. Rc7 Bg6 53.
Rxf6 Bxe4 54. Qc1 Bg6 55. Rf4 Qb5 56. Qc3 Rg8 57. Rf2 Qb6 58. Rd2 Re3 59. Rc6
Qa7 60. Rc7 Qb6 61. Rc6 Qa7 62. Qd4 Qxd4 63. Rxd4 Re2 64. Rxd6 Rf8 65. Rf4 Rxf4
66. gxf4 Be4 67. Kg3 Rxg2+ 68. Kh4 g5+ 69. fxg5 hxg5+ 70. Kh5 Bf3# 0-1

[Event "GBR-ch 108th"]
[Site "Torquay"]
[Date "2022.08.16"]
[Round "4.27"]
[White "Salmons, Calum"]
[Black "Jackson, Sheila"]
[Result "1/2-1/2"]
[WhiteElo "1944"]
[BlackElo "2070"]
[PlyCount "83"]
[EventDate "2022.08.13"]
[EventType "swiss"]
[EventRounds "9"]
[EventCountry "GBR"]
[SourceTitle "BritBase"]
[Source "John Saunders"]
[SourceDate "2022.08.22"]
[SourceVersion "1"]
[SourceVersionDate "2022.08.22"]
[SourceQuality "2"]

1. d4 Nf6 2. Bf4 d5 3. e3 Bf5 4. c3 c6 5. Nf3 e6 6. h3 Nbd7 7. Nh4 Bxb1 8. Rxb1
Ne4 9. Nf3 Be7 10. Bd3 f5 11. Bxe4 fxe4 12. Ng5 Bxg5 13. Qh5+ g6 14. Qxg5 Qxg5
15. Bxg5 O-O 16. O-O Kg7 17. Rfc1 Rf7 18. c4 dxc4 19. Rxc4 Nb6 20. Rc2 Nd5 21.
b4 a6 22. a4 h6 23. Bh4 g5 24. Bg3 Kg6 25. Be5 h5 26. g3 h4 27. b5 axb5 28.
axb5 cxb5 29. Rxb5 hxg3 30. Bxg3 Rh8 31. Kg2 Rhh7 32. Rc8 Kf5 33. Be5 g4 34.
hxg4+ Kxg4 35. Rg8+ Kf5 36. Rb1 Rh6 37. Rg1 Rg6+ 38. Kf1 Rxg1+ 39. Kxg1 Nf6 40.
Bxf6 Kxf6 41. Kf1 e5 42. Re8 1/2-1/2

[Event "GBR-ch 108th"]
[Site "Torquay"]
[Date "2022.08.16"]
[Round "4.28"]
[White "Lentzos, Ioanis"]
[Black "Okhai, Shabir"]
[Result "1-0"]
[WhiteElo "2097"]
[BlackElo "2137"]
[PlyCount "75"]
[EventDate "2022.08.13"]
[EventType "swiss"]
[EventRounds "9"]
[EventCountry "GBR"]
[SourceTitle "BritBase"]
[Source "John Saunders"]
[SourceDate "2022.08.22"]
[SourceVersion "1"]
[SourceVersionDate "2022.08.22"]
[SourceQuality "2"]

1. d4 Nf6 2. c4 e6 3. Nf3 c5 4. d5 d6 5. Nc3 exd5 6. cxd5 g6 7. Nd2 Bg7 8. e4
O-O 9. Be2 Na6 10. O-O Nc7 11. a4 a6 12. Nc4 Rb8 13. Bf4 Nfe8 14. a5 Bxc3 15.
bxc3 Nb5 16. Qd2 Nf6 17. Bd3 Nh5 18. Bh6 Re8 19. f4 Nf6 20. Rae1 Qc7 21. Bc2
Ng4 22. Bg5 f6 23. Bh4 Qg7 24. h3 Nh6 25. e5 fxe5 26. fxe5 Bf5 27. Bf6 Qf8 28.
Bg5 Nf7 29. Bxf5 gxf5 30. Rxf5 Qg7 31. e6 Nh8 32. Bf6 Qc7 33. e7 Qb6 34. axb6
Ra8 35. Rg5+ Ng6 36. Rxg6+ Kf7 37. Rg7+ Kxf6 38. Qg5# 1-0

[Event "GBR-ch 108th"]
[Site "Torquay"]
[Date "2022.08.16"]
[Round "4.29"]
[White "Forster, Matthew"]
[Black "Walker, Martin G"]
[Result "1-0"]
[WhiteElo "2058"]
[BlackElo "2135"]
[PlyCount "43"]
[EventDate "2022.08.13"]
[EventType "swiss"]
[EventRounds "9"]
[EventCountry "GBR"]
[SourceTitle "BritBase"]
[Source "John Saunders"]
[SourceDate "2022.08.22"]
[SourceVersion "1"]
[SourceVersionDate "2022.08.22"]
[SourceQuality "2"]

1. c4 e5 2. g3 Nc6 3. Nc3 Nf6 4. Nf3 Bc5 5. Nxe5 Bxf2+ 6. Kxf2 Nxe5 7. e4 d6 8.
d4 Nc6 9. Be2 O-O 10. Kg2 b6 11. Rf1 h6 12. Rf4 Bb7 13. Be3 Ne7 14. Rxf6 gxf6
15. Bxh6 Re8 16. Bd3 f5 17. d5 f4 18. Bg5 Kg7 19. Qg4 Qc8 20. Bf6+ Kxf6 21. e5+
Kxe5 22. Qxf4# 1-0